<?xml version="1.0" encoding="UTF-8"?>
<record
    xmlns:xsi="http://www.w3.org/2001/XMLSchema-instance"
    xsi:schemaLocation="http://www.loc.gov/MARC21/slim http://www.loc.gov/standards/marcxml/schema/MARC21slim.xsd"
    xmlns="http://www.loc.gov/MARC21/slim">

  <leader>00318nam a22001217a 4500</leader>
  <datafield tag="040" ind1=" " ind2=" ">
    <subfield code="c">HS</subfield>
  </datafield>
  <datafield tag="082" ind1=" " ind2=" ">
    <subfield code="a">657</subfield>
  </datafield>
  <datafield tag="100" ind1=" " ind2=" ">
    <subfield code="a">&#x17A2;&#x17C1;&#x1784; &#x179B;&#x17C1;&#x1784;</subfield>
  </datafield>
  <datafield tag="245" ind1=" " ind2=" ">
    <subfield code="a"> Basic accounting &#x1798;&#x17BC;&#x179B;&#x178A;&#x17D2;&#x178B;&#x17B6;&#x1793;&#x1782;&#x17D2;&#x179A;&#x17B9;&#x17C7;&#x1793;&#x17C3;&#x1782;&#x178E;&#x1793;&#x17C1;&#x1799;&#x17D2;&#x1799;</subfield>
  </datafield>
  <datafield tag="260" ind1=" " ind2=" ">
    <subfield code="a">RUA</subfield>
    <subfield code="b">&#x17A2;&#x17C1;&#x1784; &#x179B;&#x17C1;&#x1784;</subfield>
    <subfield code="c">2008</subfield>
  </datafield>
  <datafield tag="300" ind1=" " ind2=" ">
    <subfield code="a">41p;</subfield>
  </datafield>
  <datafield tag="942" ind1=" " ind2=" ">
    <subfield code="c">KB</subfield>
  </datafield>
  <datafield tag="999" ind1=" " ind2=" ">
    <subfield code="c">10067</subfield>
    <subfield code="d">10067</subfield>
  </datafield>
  <datafield tag="952" ind1=" " ind2=" ">
    <subfield code="0">0</subfield>
    <subfield code="1">0</subfield>
    <subfield code="4">0</subfield>
    <subfield code="6">657_000000000000000_&#x17A2;&#x17C1;&#x1784;_2008_C017_OR</subfield>
    <subfield code="7">0</subfield>
    <subfield code="9">52420</subfield>
    <subfield code="a">LBC</subfield>
    <subfield code="b">LBC</subfield>
    <subfield code="c">C017</subfield>
    <subfield code="d">2016-09-19</subfield>
    <subfield code="o">657 &#x17A2;&#x17C1;&#x1784; 2008 C017 Or.</subfield>
    <subfield code="p">RUA055956</subfield>
    <subfield code="r">2016-09-26</subfield>
    <subfield code="y">KB</subfield>
  </datafield>
  <datafield tag="952" ind1=" " ind2=" ">
    <subfield code="0">0</subfield>
    <subfield code="1">0</subfield>
    <subfield code="4">0</subfield>
    <subfield code="6">657_000000000000000_&#x17A2;&#x17C1;&#x1784;_2008_C017_OR</subfield>
    <subfield code="7">0</subfield>
    <subfield code="9">52421</subfield>
    <subfield code="a">LBC</subfield>
    <subfield code="b">LBC</subfield>
    <subfield code="c">C017</subfield>
    <subfield code="d">2016-09-19</subfield>
    <subfield code="o">657 &#x17A2;&#x17C1;&#x1784; 2008 C017 Or.</subfield>
    <subfield code="p">RUA055836</subfield>
    <subfield code="r">2016-09-19</subfield>
    <subfield code="y">KB</subfield>
  </datafield>
</record>
